000 00802nas a2200277 4500
001 BR0401542
003 BR-BrBNA
005 20231205104429.0
007 ta
008 230509b bl.|||p| |||| 00| 00por d
040 _aBR-BrBNA
_bpor
_cBiblioteca Nacional de Agricultura
041 _a(Pt)
072 _aL70; L50
100 1 _aRezende, M.L. de
100 1 _aNunes, N.
100 1 _aSouza, A.P. de
100 1 _aSantos, P.S.P. dos
245 1 _aMonitoramento hemodinâmico invasivo em pequenos animais
650 _aANIMAL
650 _aSANGUE
650 _aPRESSÃO ARTERIAL
650 _aVETERINÁRIA
773 0 _tSemina Ciencias Agrarias (Brazil)
_xISSN 1676-546X
_g(Jan-Jun 2002), v. 23(1) p. 93-100
_wBR0401542
909 _a202311
_bLúcia
_c55
_dLúcia Elande
942 _2AGRIS
_n0
_cANA
999 _c178101
_d178101